Using harmonious houses for visual pairwise comparison of multiple criteria alternatives.

Prezentácia novej metódy harmonických domčekov na vizuálnu prezentáciu numerických dát, ktorý vznikol v rámci pokusu o vývoj systému na podporu rozhodovania. Použitie harmónie a symetrie na vyjadrenie pozitívnych a negatívnych pocitov.

Gespeichert in:
Bibliographische Detailangaben
1. Verfasser: Korhonen, P.
Format: Buchkapitel
Sprache:Englisch
Schlagworte:
Tags: Tag hinzufügen
Keine Tags, Fügen Sie das erste Tag hinzu!

MARC

LEADER 00000naa a2200000 4500
001 r006929
005 20221130102834.5
041 0 |a eng 
044 |a NL 
245 1 0 |a Using harmonious houses for visual pairwise comparison of multiple criteria alternatives.  |c P. Korhonen 
520 |a Prezentácia novej metódy harmonických domčekov na vizuálnu prezentáciu numerických dát, ktorý vznikol v rámci pokusu o vývoj systému na podporu rozhodovania. Použitie harmónie a symetrie na vyjadrenie pozitívnych a negatívnych pocitov. 
610 2 0 |a výstavba systémov informačných 
610 2 0 |a metódy matematické 
610 2 0 |a rozhodovanie 
610 2 0 |a DSS 
100 1 |a Korhonen, P.